000 00211nam a2200097Ia 4500
005 20251222114405.0
008 251222s1900||||xx |||||||||||||| ||spa||
082 _aDVD0050/W12M/T.1
245 0 _aMatrix
942 _cDVD
999 _c1781
_d1781